Coleccion Acontecimientos Terapeuticos (Registro nro. 1357)
[ vista simple ]
| 000 -LEADER | |
|---|---|
| fixed length control field | 00716nas a22002057a 4500 |
| 008 - CAMPO DE CONTROL RECURSOS CONTINUADOS | |
| fixed length control field | 130429t20109999ag ||||| |||| 00| 0 spa d |
| 245 ## - TITULO | |
| Titulo | Coleccion Acontecimientos Terapeuticos |
| 260 ## - PUBLICACION, DISTRIBUCION, ETC. (PIE DE IMPRENTA) | |
| Lugar de publicación, distribución, etc | Buenos Aires, |
| Nombre de la editorial, distribuidor, etc. | Sociedad Iberoamericana de Informacion Cientifica: |
| Fecha de publicación | 2010 |
| 300 ## - DESCRIPCION FISICA | |
| Extensión | v. : |
| 440 ## - MENCION DE SERIE - TITULO CON ENTRADA SEC. | |
| Title | Tratamiento Antirretroviral del VIH/Sida |
| 9 (RLIN) | 2098 |
| 546 ## - NOTA DE IDIOMA | |
| Nota de lenguaje | español |
| 590 ## - NOTAS LOCALES (RLIN) | |
| Nota local | Indizada en: SIIC Data Bases |
| 590 ## - NOTAS LOCALES (RLIN) | |
| Nota local | Existencias: 2010 (1,2) |
| 650 ## - MATERIA-TERMINO TEMATICO | |
| Término temático | VIH |
| 9 (RLIN) | 2095 |
| 650 ## - MATERIA-TERMINO TEMATICO | |
| Término temático | VIH-TRATAMIENTO ANTIRRETROVIRAL |
| 9 (RLIN) | 2099 |
| 650 ## - MATERIA-TERMINO TEMATICO | |
| Término temático | VIH-EFECTOS DE DROGAS |
| 9 (RLIN) | 2100 |
| 650 ## - MATERIA-TERMINO TEMATICO | |
| Término temático | SINDROME DE INMUNODEFICIENCIA ADQUIRIDA |
| 9 (RLIN) | 2101 |
| 856 ## - LOCALIZACION ELECTRONICA Y ACCESO | |
| Identificador Uniforme de Recurso (URI) | <a href="http://www.siicsalud.com/lmr/siicdatabases.php">http://www.siicsalud.com/lmr/siicdatabases.php</a> |
| 942 ## - ADDED ENTRY ELEMENTS (KOHA) | |
| Source of classification or shelving scheme | Dewey Decimal Classification |
| Item type | Continuing Resources |
No hay ítems disponibles.